<?xml version="1.0" encoding="UTF-8"?>
<record
    xmlns:xsi="http://www.w3.org/2001/XMLSchema-instance"
    xsi:schemaLocation="http://www.loc.gov/MARC21/slim http://www.loc.gov/standards/marcxml/schema/MARC21slim.xsd"
    xmlns="http://www.loc.gov/MARC21/slim">

  <leader>01250nam a2200193 a 4500</leader>
  <controlfield tag="008">220829n        A  ||||gr|||| 001 1 SPA d</controlfield>
  <datafield tag="020" ind1=" " ind2=" ">
    <subfield code="a">9506951059</subfield>
  </datafield>
  <datafield tag="041" ind1=" " ind2=" ">
    <subfield code="a">spa</subfield>
  </datafield>
  <datafield tag="092" ind1=" " ind2=" ">
    <subfield code="c">808</subfield>
    <subfield code="l">KAF</subfield>
    <subfield code="s">46</subfield>
  </datafield>
  <datafield tag="100" ind1="1" ind2=" ">
    <subfield code="a">Kafka, Franz</subfield>
    <subfield code="9">4203</subfield>
  </datafield>
  <datafield tag="245" ind1="3" ind2=" ">
    <subfield code="a">Un m&#xE9;dico rural.</subfield>
    <subfield code="b">Y otros relatos /</subfield>
    <subfield code="c">Franz Kafka</subfield>
  </datafield>
  <datafield tag="250" ind1=" " ind2=" ">
    <subfield code="a">1a ed.</subfield>
    <subfield code="b">Traducci&#xF3;n Wilcok, J. R.</subfield>
  </datafield>
  <datafield tag="260" ind1=" " ind2=" ">
    <subfield code="a">Buenos Aires:</subfield>
    <subfield code="b">Alianza editorial,</subfield>
    <subfield code="c">s/f</subfield>
  </datafield>
  <datafield tag="300" ind1=" " ind2=" ">
    <subfield code="a">93 p.</subfield>
  </datafield>
  <datafield tag="500" ind1=" " ind2=" ">
    <subfield code="a">Kafka, F. (s/f). Un m&#xE9;dico rural. Y otros relatos. (1a ed.). Buenos Aires : Alianza editorial.</subfield>
  </datafield>
  <datafield tag="505" ind1=" " ind2=" ">
    <subfield code="a">Un m&#xE9;dico rural tiene que ir a visitar a un enfermo que est&#xE1; en un pueblo vecino, pero su caballo ha muerto y no tiene medio de transporte. Un palafrenero acude en su ayuda y le presta dos caballos, aunque sus verdaderas intenciones no son altruistas. Atravesando una fuerte tormenta de nieve, el doctor llega hasta el hogar del paciente. Una vez all&#xED;, tiene la sensaci&#xF3;n de haber sido v&#xED;ctima de un enga&#xF1;o y teme ser objeto de nuevas burlas. Con este relato, Kafka se adentra en el duro oficio del m&#xE9;dico rural, nos desvela sus miedos y complejos, se solidariza con un humilde doctor que sufre con frecuencia la ingratitud de los que le rodean. </subfield>
  </datafield>
  <datafield tag="655" ind1=" " ind2=" ">
    <subfield code="a">Literatura</subfield>
    <subfield code="9">2917</subfield>
  </datafield>
  <datafield tag="942" ind1=" " ind2=" ">
    <subfield code="2">ddc</subfield>
    <subfield code="c">LIT</subfield>
  </datafield>
  <datafield tag="999" ind1=" " ind2=" ">
    <subfield code="c">3141</subfield>
    <subfield code="d">3141</subfield>
  </datafield>
  <datafield tag="952" ind1=" " ind2=" ">
    <subfield code="0">0</subfield>
    <subfield code="1">0</subfield>
    <subfield code="2">ddc</subfield>
    <subfield code="4">0</subfield>
    <subfield code="7">0</subfield>
    <subfield code="a">BFM</subfield>
    <subfield code="b">BFM</subfield>
    <subfield code="d">2022-08-29</subfield>
    <subfield code="e">Donaci&#xF3;n de Leonardo Orellana Kittsteiner, agosto 2022</subfield>
    <subfield code="l">0</subfield>
    <subfield code="o">808 46 KAF</subfield>
    <subfield code="p">4781</subfield>
    <subfield code="r">2022-08-29</subfield>
    <subfield code="t">Ej.1</subfield>
    <subfield code="w">2022-08-29</subfield>
    <subfield code="y">LIT</subfield>
    <subfield code="z">Donaci&#xF3;n de Leonardo Orellana Kittsteiner, agosto 2022.</subfield>
    <subfield code="f"></subfield>
  </datafield>
  <datafield tag="952" ind1=" " ind2=" ">
    <subfield code="0">0</subfield>
    <subfield code="1">0</subfield>
    <subfield code="2">ddc</subfield>
    <subfield code="4">0</subfield>
    <subfield code="7">0</subfield>
    <subfield code="a">BFM</subfield>
    <subfield code="b">BFM</subfield>
    <subfield code="c">CR</subfield>
    <subfield code="d">2023-09-14</subfield>
    <subfield code="e">Donaci&#xF3;n Agosto 2023.</subfield>
    <subfield code="l">2</subfield>
    <subfield code="o">808 46 KAF</subfield>
    <subfield code="p">4875</subfield>
    <subfield code="r">2024-12-16</subfield>
    <subfield code="s">2024-12-11</subfield>
    <subfield code="t">Ej.2</subfield>
    <subfield code="w">2023-09-14</subfield>
    <subfield code="y">LIT</subfield>
    <subfield code="z">Donaci&#xF3;n Agosto 2023</subfield>
    <subfield code="f"></subfield>
  </datafield>
</record>
